Выпускная квалификационная работа (Запись № 11480963)
[ простой вид ]
| 000 -МАРКЕР | |
|---|---|
| контрольное поле | 02310nam0a2200385 4500 |
| 001 - ИДЕНТИФИКАТОР ЗАПИСИ | |
| контрольное поле | RU\NLR\BIBL_A\012017298 |
| 005 - ИДЕНТИФИКАТОР ВЕРСИИ | |
| контрольное поле | 20201130115209.0 |
| 010 ## - МЕЖДУНАРОДНЫЙ СТАНДАРТНЫЙ НОМЕР КНИГИ (ISBN) | |
| Номер (ISBN) | 978-5-16-014585-3 |
| Тираж | 500 |
| 021 ## - НОМЕР ГОСУДАРСТВЕННОЙ РЕГИСТРАЦИИ | |
| Код страны | российская федерация |
| Номер | КН-П-19-029191 |
| Номер Листа государственной регистраци | КН-П-19-2200 |
| 035 ## - ДРУГИЕ СИСТЕМНЫЕ НОМЕРА | |
| Идентификатор записи | (NLR Aleph) 012017298 |
| 035 ## - ДРУГИЕ СИСТЕМНЫЕ НОМЕРА | |
| Идентификатор записи | (RuMoRGB)009957437 |
| 100 ## - ДАННЫЕ ОБЩЕЙ ОБРАБОТКИ | |
| Данные общей обработки | 20190521d2019 u y0rusy50 ca |
| 101 0# - ЯЗЫК РЕСУРСА | |
| Язык текста, звукозаписи и т.д. | русский |
| 102 ## - СТРАНА ПУБЛИКАЦИИ ИЛИ ПРОИЗВОДСТВА | |
| Страна публикации | российская федерация |
| 105 ## - ПОЛЕ КОДИРОВАННЫХ ДАННЫХ: ТЕКСТОВЫЕ МАТЕРИАЛЫ, МОНОГРАФИЧЕСКИЕ | |
| Кодированные данные о монографическом текстовом документе | a j 010zy |
| 200 1# - ЗАГЛАВИЕ И СВЕДЕНИЯ ОБ ОТВЕТСТВЕННОСТИ | |
| Основное заглавие | Выпускная квалификационная работа |
| Сведения, относящиеся к заглавию | бакалавриат |
| -- | учебное пособие |
| -- | для студентов высших учебных заведений, обучающихся по укрупненной группе специальностей и направлений 38.03.01 "Экономика" (квалификация (степень) "бакалавр") |
| Первые сведения об ответственности | Л. Б. Лазарова, Ф. А. Каирова |
| 210 ## - ПУБЛИКАЦИЯ, РАСПРОСТРАНЕНИЕ И ДР. | |
| Место издания, распространения и т.д. | Москва |
| Имя издателя, распространителя и т. д. | ИНФРА-М |
| Дата издания, распространения и т.д. | 2019 |
| 215 ## - ФИЗИЧЕСКАЯ ХАРАКТЕРИСТИКА | |
| Специфическое обозначение материала и объем | 226, [1] с. |
| Другие сведения о физической характеристике | ил., табл. |
| Размеры | 22 |
| 225 1# - СЕРИЯ | |
| Основное заглавие серии | Высшее образование - Бакалавриат |
| 225 1# - СЕРИЯ | |
| Основное заглавие серии | Бакалавриат |
| 300 ## - ОБЩИЕ ПРИМЕЧАНИЯ | |
| Текст примечания | На 4-й с. обл. авт.: Л. Б. Лазарова, д.э.н., доц., Ф. А. Каирова, к.э.н., доц. |
| 300 ## - ОБЩИЕ ПРИМЕЧАНИЯ | |
| Текст примечания | На тит. л. и обл.: Финансовый университет при Правительстве Российской Федерации 100 лет |
| 320 ## - ПРИМЕЧАНИЯ О НАЛИЧИИ В ДОКУМЕНТЕ БИБЛИОГРАФИИ / УКАЗАТЕЛЯ | |
| Текст примечания | Библиогр.: с. 226 (10 назв.) |
| 606 1# - НАИМЕНОВАНИЕ ТЕМЫ КАК ПРЕДМЕТ | |
| Наименование темы | Выпускные квалификационные работы |
| Тематический подзаголовок | Методика написания |
| -- | Высшие экономические учебные заведения |
| Формальный подзаголовок | Учебные издания для высших учебных заведений |
| Код системы | nlr_sh2 |
| Идентификатор авторитетной/нормативной записи | RU\NLR\AUTH\6601657048 |
| 686 1# - ИНДЕКСЫ ДРУГИХ КЛАССИФИКАЦИЙ | |
| Индекс | Ч489.312.545я73 |
| 700 #1 - ИМЯ ЛИЦА - ПЕРВИЧНАЯ ОТВЕТСТВЕННОСТЬ | |
| Начальный элемент ввода | Лазарова |
| Часть имени, кроме начального элемента ввода | Л. Б. |
| Расширение инициалов личного имени | Лариса Борисовна |
| Идентификатор авторитетной/нормативной записи | RU\NLR\AUTH\7752973 |
| 701 #1 - ИМЯ ЛИЦА - АЛЬТЕРНАТИВНАЯ ОТВЕТСТВЕННОСТЬ | |
| Начальный элемент ввода | Каирова |
| Часть имени, кроме начального элемента ввода | Ф. А. |
| Расширение инициалов личного имени | Фатима Асламбековна |
| Идентификатор авторитетной/нормативной записи | RU\NLR\AUTH\770170122 |
| 942 ## - ДОПОЛНИТЕЛЬНЫЕ ЭЛЕМЕНТЫ ЗАПИСИ (АБИС) | |
| Тип экземпляра АБИС | Книга |
| 980 ## - КОЛЛЕКЦИЯ | |
| Название коллекции | НБР |
| 980 ## - КОЛЛЕКЦИЯ | |
| Название коллекции | Национальная библиография |
Нет доступных экземпляров.